000
00308nam a2200121 4500
999
_c
11783
_d
11783
003
OSt
005
20230726151456.0
008
230726b ||||| |||| 00| 0 eng d
245
_a
The significant of rural housing in integrated rural development
260
_b
United nations
300
_a
117p;
942
_2
ddc